[Event "NZL-ch Major op"]
[Site "Auckland"]
[Date "2011.01.10"]
[Round "9"]
[White "Rowell, Trevor"]
[Black "Rong, David"]
[Result "0-1"]
[WhiteElo "1456"]
[BlackElo "1604"]
[PlyCount "70"]
[EventDate "2011.01.02"]
[EventType "swiss"]
[EventRounds "11"]
[EventCountry "NZL"]
[SourceTitle "EXT 2018"]
[Source "ChessBase"]
[SourceDate "2017.10.13"]
[SourceVersion "1"]
[SourceVersionDate "2017.10.13"]
[SourceQuality "1"]

1. e4 e6 2. d4 d5 3. e5 c5 4. c3 Nc6 5. Bb5 Bd7 6. Nf3 Nxe5 7. Bxd7+ Nxd7 8. 0-0 Ngf6 9. Bg5 Be7 10. Nbd2 h6 11. Bh4 0-0 12. Re1 Qc7 13. Bg3 Bd6 14. Ne5 Rfe8 15. Ndf3 Nh5 16. Bh4 Nxe5 17. Nxe5 Nf4 18. Qf3 Bxe5 19. dxe5 Ng6 20. Bg3 Rad8 21. b3 Rd7 22. h4 Ne7 23. Bh2 Nf5 24. h5 d4 25. g4 Ne7 26. cxd4 Rxd4 27. Red1 Red8 28. Rxd4 Rxd4 29. Bf4 Nc6 30. Re1 Rd5 31. Qg3 Nd4 32. g5 hxg5 33. Qxg5 Qc6 34. Re3 Ne2+ 35. Rxe2 Rd1+ 0-1

[Event "NZL-ch Major op"]
[Site "Dunedin"]
[Date "1999.??.??"]
[Round "9.8"]
[White "Adams, Jonathan"]
[Black "Rowell, Trevor"]
[Result "1-0"]
[WhiteElo "1627"]
[BlackElo "1293"]
[PlyCount "97"]
[EventDate "1998.??.??"]
[EventType "swiss"]
[EventRounds "11"]
[EventCountry "NZL"]
[SourceTitle "EXT 2003"]
[Source "ChessBase"]
[SourceDate "2002.11.25"]
[SourceVersion "1"]
[SourceVersionDate "2002.11.25"]
[SourceQuality "1"]

1. e4 e5 2. Nf3 d6 3. d4 Bg4 4. dxe5 Bxf3 5. Qxf3 dxe5 6. Bc4 Qf6 7. Qb3 Bc5 8. Qxb7 Bxf2+ 9. Ke2 Ne7 10. Rf1 Qh4 11. Rxf2 0-0 12. Be3 Nbc6 13. Qa6 Qxe4 14. Bd3 Nd4+ 15. Kd2 Qg4 16. Nc3 Nec6 17. Raf1 Rab8 18. b3 Nb4 19. Qc4 Nxd3 20. cxd3 Qd7 21. Bxd4 exd4 22. Ne4 Qe7 23. Rc1 Qa3 24. Kd1 Qa5 25. Qxc7 Qh5+ 26. Kd2 Qh6+ 27. Qf4 Qa6 28. Rc2 Rbc8 29. Rxc8 Qxc8 30. Qf5 Qa6 31. Ke1 Qb7 32. Rc2 Qe7 33. Kf1 g6 34. Qf6 Qb7 35. Qxd4 f6 36. Kg1 Kg7 37. Qd6 Rf7 38. Rf2 Qc8 39. g3 Qc1+ 40. Kg2 Qa1 41. d4 f5 42. Ng5 Qe1 43. Ne6+ Kf6 44. Nd8+ Kg7 45. Qe5+ Qxe5 46. dxe5 Rd7 47. Ne6+ Kf7 48. Nf4 g5 49. e6+ 1-0

[Event "NZL-ch Major op"]
[Site "Dunedin"]
[Date "1999.??.??"]
[Round "1.7"]
[White "Benson, Christopher"]
[Black "Rowell, Trevor"]
[Result "1-0"]
[WhiteElo "1663"]
[BlackElo "1293"]
[PlyCount "43"]
[EventDate "1998.??.??"]
[EventType "swiss"]
[EventRounds "11"]
[EventCountry "NZL"]
[SourceTitle "EXT 2003"]
[Source "ChessBase"]
[SourceDate "2002.11.25"]
[SourceVersion "1"]
[SourceVersionDate "2002.11.25"]
[SourceQuality "1"]

1. e4 c5 2. Nf3 d6 3. Nc3 Nf6 4. Bc4 e6 5. Bb3 Be7 6. d4 cxd4 7. Nxd4 Bd7 8. Bg5 0-0 9. f4 e5 10. fxe5 dxe5 11. Nf3 Bc6 12. Qe2 Qc7 13. 0-0-0 Nbd7 14. Nh4 h6 15. Nf5 Rfe8 16. Bxh6 gxh6 17. Nxh6+ Kf8 18. Qc4 Kg7 19. Nf5+ Kh8 20. Qxf7 Bf8 21. Rd3 Nh7 22. Qg8# 1-0

[Event "North Island-ch res"]
[Site "Hamilton"]
[Date "1999.??.??"]
[Round "3.5"]
[White "Rowell, Trevor"]
[Black "Dolejs, Dan E"]
[Result "0-1"]
[WhiteElo "1294"]
[BlackElo "1729"]
[PlyCount "94"]
[EventDate "1999.07.??"]
[EventType "swiss"]
[EventRounds "8"]
[EventCountry "NZL"]
[SourceTitle "EXT 2003"]
[Source "ChessBase"]
[SourceDate "2002.11.25"]
[SourceVersion "1"]
[SourceVersionDate "2002.11.25"]
[SourceQuality "1"]

1. e4 c5 2. Bc4 e6 3. Nf3 Nc6 4. Nc3 d6 5. 0-0 a6 6. b3 Nf6 7. Bb2 b5 8. Be2 b4 9. Nb1 Nxe4 10. d4 cxd4 11. Nxd4 Nxd4 12. Qxd4 d5 13. Bf3 Nf6 14. Nd2 Qc7 15. c4 bxc3 16. Qxc3 Qxc3 17. Bxc3 Be7 18. Nc4 0-0 19. Ne5 Nd7 20. Nd3 Bf6 21. Rfc1 a5 22. Nb2 Ne5 23. Bh5 g6 24. Be2 Nd7 25. Na4 d4 26. Bb2 Rd8 27. Bb5 Rb8 28. Bd3 Ne5 29. Be4 Bb7 30. Bxb7 Rxb7 31. Rc5 Nd3 32. Rxa5 Nxb2 33. Nxb2 d3 34. Rd1 Bxb2 35. Rc5 d2 36. Rc2 Bc1 37. Kf1 Rdd7 38. Rc8+ Kg7 39. Ke2 Ra7 40. a4 Rab7 41. Rc3 Rd5 42. f4 e5 43. g3 exf4 44. gxf4 Re7+ 45. Kf1 Re1+ 46. Rxe1 dxe1Q+ 47. Kxe1 Bd2+ 0-1

[Event "NZL-ch Major op"]
[Site "Dunedin"]
[Date "1999.??.??"]
[Round "2.9"]
[White "Stracy, Don M"]
[Black "Rowell, Trevor"]
[Result "1-0"]
[WhiteElo "1696"]
[BlackElo "1293"]
[PlyCount "101"]
[EventDate "1998.??.??"]
[EventType "swiss"]
[EventRounds "11"]
[EventCountry "NZL"]
[SourceTitle "EXT 2003"]
[Source "ChessBase"]
[SourceDate "2002.11.25"]
[SourceVersion "1"]
[SourceVersionDate "2002.11.25"]
[SourceQuality "1"]

1. e4 c5 2. Nf3 Nc6 3. d4 e6 4. Nc3 d6 5. dxc5 dxc5 6. Qxd8+ Kxd8 7. Bg5+ f6 8. 0-0-0+ Ke7 9. Be3 Kf7 10. Be2 g6 11. Nd2 b6 12. Nc4 e5 13. Nd6+ Bxd6 14. Rxd6 Nd4 15. Bxd4 cxd4 16. Nd5 Rb8 17. Rd8 b5 18. Bxb5 Rxb5 19. Rxc8 Rb7 20. Rf1 f5 21. f3 Rd7 22. Kd2 Kg7 23. Rc1 Nh6 24. Rxh8 Kxh8 25. Kd3 Nf7 26. c3 dxc3 27. Rxc3 Kg7 28. Rc7 Rxc7 29. Nxc7 Nd6 30. b4 Kf7 31. a4 Ke7 32. b5 Kd7 33. Nd5 h5 34. Nb4 Nb7 35. Kc4 Kd6 36. Nd3 fxe4 37. fxe4 g5 38. g3 Na5+ 39. Kb4 Nb7 40. a5 g4 41. a6 Nd8 42. Nc5 Kc7 43. Kc4 Kb6 44. Nd7+ Kc7 45. Nxe5 Ne6 46. Kd5 Ng5 47. Kd4 Nf3+ 48. Nxf3 gxf3 49. Ke3 Kb6 50. Kxf3 Kxb5 51. e5 1-0